[Event "Ä11Â"]
[Site "Loo"]
[Date "2017.04.28"]
[Round "9.8"]
[White "Ïøåâñêàÿ, ßíà."]
[Black "Áûêîâñêèõ, Åêàòåðèíà."]
[Result "0-1"]
[WhiteElo "1345"]
[BlackElo "1308"]
[PlyCount "156"]
[EventDate "2017.04.20"]

1. d4 d5 2. Bf4 c5 3. e3 e6 4. c3 Bd6 5. Bg3 Nf6 6. Bd3 Nc6 7. Nd2 O-O 8. Ngf3
c4 9. Bc2 Qc7 10. Qe2 b5 11. a3 Bb7 12. O-O Bxg3 13. hxg3 a5 14. Nh2 b4 15. Ng4
Nxg4 16. Qxg4 b3 17. Bd1 a4 18. e4 Rfe8 19. e5 Ne7 20. f4 Nf5 21. Kf2 Qe7 22.
Rh1 h6 23. Nf3 Qd7 24. Nd2 Qe7 25. Nf1 Qd7 26. Ne3 Nxe3 27. Kxe3 Kh7 28. Qh4
Kg8 29. g4 Qd8 30. g5 Kf8 31. gxh6 Qxh4 32. hxg7+ Kxg7 33. Rxh4 Rh8 34. Bh5 Rh6
35. Rah1 Rah8 36. R4h3 Kf8 37. Bg4 Rxh3+ 38. Rxh3 Rg8 39. Kf3 Bc6 40. Rh7 Ke7
41. Bh5 Be8 42. Bg4 Bc6 43. Bh3 Be8 44. f5 exf5 45. Bxf5 Rg5 46. g4 Bc6 47. Rh6
Bb5 48. Rd6 Rg8 49. Rxd5 Bc6 50. Ke4 Rd8 51. Ke3 Bxd5 52. Kf4 Kf8 53. Kg5 Kg7
54. Kf4 Bc6 55. Be4 Bxe4 56. Kxe4 Kg6 57. d5 Kg5 58. Kd4 Rc8 59. d6 Kxg4 60.
Kd5 Kf5 61. d7 Rd8 62. Kd6 Rxd7+ 63. Kxd7 Kxe5 64. Kc6 Ke4 65. Kb5 f5 66. Kxc4
f4 67. Kb4 f3 68. Kxa4 f2 69. Kxb3 f1=Q 70. Kb4 Qf8+ 71. Kb5 Qb8+ 72. Kc4 Qxb2
73. a4 Ke5 74. a5 Kd6 75. Kd3 Qb5+ 76. c4 Qxa5 77. Kd4 Qb4 78. Kd3 Kc5 0-1

[Event "Ä11Â"]
[Site "Loo"]
[Date "2017.04.28"]
[Round "9.9"]
[White "Êîìèññàðîâà, Ñîéæèíà."]
[Black "Èñòîìèíà, Âàëåðèÿ."]
[Result "1/2-1/2"]
[WhiteElo "1404"]
[BlackElo "1364"]
[PlyCount "84"]
[EventDate "2017.04.20"]

1. g3 g6 2. c4 c5 3. Bg2 Bg7 4. Nf3 Nc6 5. O-O Nf6 6. e3 O-O 7. d4 cxd4 8. Nxd4
Nxd4 9. exd4 d5 10. cxd5 Nxd5 11. Nc3 Nb6 12. Be3 Qd6 13. Ne2 Rd8 14. Qc1 e5
15. Rd1 Qe6 16. dxe5 Rxd1+ 17. Qxd1 Bxe5 18. Bh6 Qe7 19. Nc3 Be6 20. Qe1 Bf6
21. Rc1 Rd8 22. b3 Nd7 23. Ne4 Bg7 24. Bf4 Ne5 25. Nc5 b6 26. Bxe5 Bxe5 27.
Qxe5 bxc5 28. h4 Rc8 29. Qe4 Qd7 30. Qe1 Qb5 31. Bf1 Qb6 32. Bc4 Bxc4 33. Rxc4
Qa6 34. Ra4 Qb6 35. Qa5 Rc7 36. Qxb6 axb6 37. Ra6 Rb7 38. Kf1 Kf8 39. Ke2 Ke7
40. Kd3 Kd6 41. a4 Kd5 42. Ra8 Rd7 1/2-1/2

[Event "Ä11Â"]
[Site "Loo"]
[Date "2017.04.28"]
[Round "9.10"]
[White "Áóâàéëîâà, Ïîëèíà."]
[Black "Êàðìàíîâà, Îëüãà."]
[Result "1-0"]
[WhiteElo "1304"]
[BlackElo "1299"]
[PlyCount "97"]
[EventDate "2017.04.20"]

1. e4 e6 2. Nf3 d5 3. Nc3 dxe4 4. Nxe4 Bd7 5. Ne5 Nf6 6. Nxd7 Nbxd7 7. Nxf6+
Nxf6 8. Be2 Bd6 9. O-O Qe7 10. d3 h5 11. Bg5 Bxh2+ 12. Kh1 Bd6 13. Bf3 O-O-O
14. a4 h4 15. c3 h3 16. g3 Qd7 17. b4 Be7 18. d4 Nd5 19. Bxe7 Qxe7 20. Qc2 f5
21. Rae1 Qd6 22. Rg1 g5 23. g4 fxg4 24. Bxg4 Nf4 25. Bf3 Rdg8 26. Qe4 Qd5 27.
Qe3 Qd7 28. Qe4 Qd5 29. Qe3 Qd7 30. Qe4 c6 31. Bg4 Rg6 32. Qxg6 Qd5+ 33. Qe4 h2
34. Rgf1 Qd8 35. Bxe6+ Kb8 36. Bg4 Nd5 37. Qc2 Rf8 38. Be6 Nf4 39. Qe4 Re8 40.
Qf5 Rf8 41. Qh7 Nxe6 42. Rxe6 Rh8 43. Qe4 Qc8 44. Re1 Rh4 45. Qe5+ Ka8 46. Re8
Rh8 47. Rxh8 a5 48. Rxc8+ Ka7 49. Qxa5# 1-0

[Event "Ä11Â"]
[Site "Loo"]
[Date "2017.04.28"]
[Round "9.11"]
[White "Ôðîëîâà, Àëèêà."]
[Black "Îëåñê, Êàìèëëà."]
[Result "1-0"]
[WhiteElo "1441"]
[BlackElo "1358"]
[PlyCount "71"]
[EventDate "2017.04.20"]

1. e4 e6 2. d4 d5 3. Nd2 Nf6 4. e5 Nfd7 5. Bd3 c5 6. c3 Qb6 7. Ne2 Nc6 8. Nf3
cxd4 9. cxd4 f6 10. exf6 Nxf6 11. O-O Bd6 12. Nc3 O-O 13. Be3 a6 14. a3 Qc7 15.
b4 Nxb4 16. axb4 Qxc3 17. b5 Qc7 18. Qe2 a5 19. Rfc1 Qe7 20. b6 Nd7 21. Rcb1 e5
22. dxe5 Nxe5 23. Nxe5 Qxe5 24. f4 Qe7 25. Re1 Bc5 26. Bxh7+ Kh8 27. Qh5 Bxe3+
28. Kh1 g6 29. Bxg6+ Kg8 30. Rxe3 Qg7 31. Qxd5+ Kh8 32. Qh5+ Kg8 33. Rae1 Qh8
34. Qd5+ Kg7 35. Re7+ Kxg6 36. Qg5# 1-0

[Event "Ä11Â"]
[Site "Loo"]
[Date "2017.04.28"]
[Round "9.12"]
[White "Ñóäàðêèíà, Åêàòåðèíà."]
[Black "Ãóðãåíèäçå, Àëåêñàíäðà."]
[Result "1-0"]
[WhiteElo "1292"]
[BlackElo "1433"]
[PlyCount "83"]
[EventDate "2017.04.20"]

1. e4 Nc6 2. d4 d5 3. exd5 Qxd5 4. Nf3 Bg4 5. Be2 O-O-O 6. Nc3 Qa5 7. Be3 Nf6
8. Ng5 Bxe2 9. Qxe2 Nxd4 10. Bxd4 Qxg5 11. Qe3 Qxg2 12. O-O-O a6 13. Be5 b6 14.
Rxd8+ Kxd8 15. Rd1+ Nd7 16. Qd4 Qc6 17. Bxg7 Bxg7 18. Qxg7 Re8 19. Qxf7 Qh6+
20. Kb1 c6 21. Qf5 e6 22. Qd3 Qg7 23. Qd6 h5 24. Qb8+ Ke7 25. Qc7 Rd8 26. Qd6+
Kf6 27. Ne4+ Kf5 28. Ng3+ Kg6 29. Qxe6+ Kh7 30. Qf5+ Kg8 31. Nxh5 Qg2 32. Nf6+
Kg7 33. Nxd7 Qxh2 34. Qg5+ Kh8 35. Qxd8+ Kh7 36. Nf6+ Kh6 37. Qh8+ Kg6 38. Qxh2
Kxf6 39. Re1 a5 40. Qf4+ Kg6 41. Rg1+ Kh7 42. Qh2# 1-0

[Event "Ä11Â"]
[Site "Loo"]
[Date "2017.04.28"]
[Round "9.13"]
[White "Ìîíãóø, Ìèëåíà."]
[Black "Çàéöåâà, Äàðüÿ."]
[Result "0-1"]
[WhiteElo "1421"]
[BlackElo "1348"]
[PlyCount "152"]
[EventDate "2017.04.20"]

1. d4 Nf6 2. Nf3 c5 3. e3 e6 4. b3 Nc6 5. Bb2 d5 6. Bd3 Bd6 7. Nbd2 Qc7 8. a3
e5 9. dxe5 Nxe5 10. Nxe5 Bxe5 11. Bxe5 Qxe5 12. O-O O-O 13. Nf3 Qe7 14. h3 Be6
15. Qe2 Ne4 16. c4 Nf6 17. Rfd1 Rad8 18. Qc2 h6 19. Rac1 b6 20. Ra1 Rfe8 21.
Rac1 Qb7 22. Ra1 dxc4 23. Bxc4 Bxh3 24. Rxd8 Rxd8 25. Rd1 Bd7 26. Qd3 Re8 27.
a4 Bg4 28. Bd5 Nxd5 29. Qxd5 Qxd5 30. Rxd5 Be6 31. Rd3 Kf8 32. Kh2 f6 33. Kg3
Ke7 34. Nd2 Rd8 35. Rxd8 Kxd8 36. Kf4 Kd7 37. Nc4 Bxc4 38. bxc4 g6 39. Ke4 Kc6
40. g3 a6 41. Kd3 b5 42. axb5+ axb5 43. cxb5+ Kxb5 44. Kc3 c4 45. e4 Kc5 46. f3
Kb5 47. f4 h5 48. e5 fxe5 49. fxe5 Kc5 50. e6 Kd6 51. e7 Kxe7 52. Kxc4 Kf6 53.
Kd3 Kg5 54. Ke2 Kg4 55. Kf2 Kh3 56. Kf3 g5 57. g4 hxg4+ 58. Ke4 g3 59. Kf5 g4
60. Kf4 g2 61. Kf5 g1=Q 62. Ke6 Qe3+ 63. Kd5 Kh4 64. Kc4 Qd2 65. Kb3 Qc1 66.
Kb4 Qc2 67. Kb5 Qc3 68. Kb6 Qc4 69. Ka5 Qb3 70. Ka6 Qb4 71. Ka7 Kg5 72. Ka6 Kf6
73. Ka7 Ke7 74. Ka8 Kd7 75. Ka7 Kc7 76. Ka6 Qb6# 0-1

[Event "Ä11Â"]
[Site "Loo"]
[Date "2017.04.28"]
[Round "9.14"]
[White "Êóçíåöîâà, Îëüãà."]
[Black "Êóçíåöîâà, Þëèÿ."]
[Result "1/2-1/2"]
[WhiteElo "1405"]
[BlackElo "1304"]
[PlyCount "80"]
[EventDate "2017.04.20"]

1. e4 e5 2. Nf3 Nc6 3. Bc4 Bc5 4. Nc3 Nf6 5. d3 d6 6. Be3 Bb6 7. h3 Be6 8. Bb3
h6 9. O-O O-O 10. Qd2 Qd7 11. Bxe6 fxe6 12. Bxb6 axb6 13. d4 exd4 14. Nxd4 Nxd4
15. Qxd4 e5 16. Qd2 c6 17. f4 exf4 18. Rxf4 Nh7 19. Rxf8+ Rxf8 20. Rf1 Rxf1+
21. Kxf1 d5 22. exd5 cxd5 23. Qxd5+ Qxd5 24. Nxd5 Nf6 25. Nxf6+ gxf6 26. Ke2
Kf7 27. Ke3 Ke6 28. Kd3 b5 29. a3 Kd5 30. b4 b6 31. g3 f5 32. h4 h5 33. c3 Ke5
34. Ke3 f4+ 35. Kf3 fxg3 36. Kxg3 Kf5 37. Kf3 Ke5 38. Ke3 Kd5 39. Kd3 Ke5 40.
Ke3 Kd5 1/2-1/2

[Event "Ä11Â"]
[Site "Loo"]
[Date "2017.04.28"]
[Round "9.15"]
[White "Âèøíÿêîâà, Àëèñèÿ."]
[Black "Øèõàëèåâà, Àðèàíà."]
[Result "1-0"]
[WhiteElo "1370"]
[BlackElo "1325"]
[PlyCount "115"]
[EventDate "2017.04.20"]

1. d4 d6 2. e4 Nf6 3. Nc3 g6 4. Be3 Bg7 5. Qd2 c6 6. O-O-O O-O 7. Bh6 b5 8. h4
a5 9. f3 Nbd7 10. g4 Nb6 11. h5 Nfd7 12. Bxg7 Kxg7 13. hxg6 fxg6 14. Qh6+ Kf7
15. Qxh7+ Ke8 16. Qxg6+ Rf7 17. Rh8+ Nf8 18. Nh3 e6 19. Ng5 Qe7 20. Qxf7+ Qxf7
21. Nxf7 Kxf7 22. Rh1 Bb7 23. Be2 b4 24. Nb1 Kg7 25. Rdf1 c5 26. dxc5 dxc5 27.
Rd1 Re8 28. Bb5 Re7 29. Rhf1 Ng6 30. Rd6 Nc8 31. Rd7 Ne5 32. Rxe7+ Nxe7 33. Nd2
N7g6 34. Nb3 c4 35. Nxa5 Bc8 36. Nxc4 Nxc4 37. Bxc4 Ne5 38. Bb3 Kf6 39. Kd2 Kg5
40. Ke3 Bd7 41. Rg1 Ng6 42. Rd1 Bc8 43. Rd4 e5 44. Rxb4 Nf4 45. Bd5 Ba6 46. c4
Nxd5+ 47. exd5 Bc8 48. c5 Kf6 49. c6 Ke7 50. Ke4 Kd6 51. g5 Ke7 52. Kxe5 Ba6
53. Rb7+ Bxb7 54. cxb7 Kd7 55. b8=Q Ke7 56. Qc7+ Kf8 57. Kf6 Kg8 58. Qg7# 1-0

[Event "Ä11Â"]
[Site "Loo"]
[Date "2017.04.28"]
[Round "9.16"]
[White "Ôèëàòîâà, Ñîôüÿ."]
[Black "Äîëèíñêàÿ, Ìàðèÿ."]
[Result "1-0"]
[WhiteElo "1401"]
[BlackElo "1128"]
[PlyCount "79"]
[EventDate "2017.04.20"]

1. e4 e5 2. Nf3 Nc6 3. Bc4 Bc5 4. c3 Nf6 5. d3 a6 6. Bb3 Ba7 7. Nbd2 O-O 8. h3
d6 9. Nf1 h6 10. Ng3 Be6 11. Bc2 Qd7 12. Nh4 Rad8 13. O-O Rfe8 14. Nhf5 Ne7 15.
Be3 Ra8 16. Nxh6+ gxh6 17. Bxh6 Ng6 18. Nh5 Nh7 19. Qf3 Qe7 20. Bd1 Qh4 21. g3
Qe7 22. h4 f6 23. Ng7 Red8 24. Nxe6 Qxe6 25. Bb3 d5 26. exd5 Qd6 27. h5 Ngf8
28. Qg4+ Kf7 29. Qg7+ Ke8 30. d4 Rd7 31. Qg8 exd4 32. Rfe1+ Kd8 33. Re6 Qc5 34.
Rae1 Kc8 35. Re8+ Rd8 36. Qg4+ Nd7 37. R1e7 Qd6 38. Bf4 Qc5 39. Qxd7+ Kb8 40.
Qxd8# 1-0

[Event "Ä11Â"]
[Site "Loo"]
[Date "2017.04.28"]
[Round "9.18"]
[White "Ïåòðîâà, Åëèçàâåòà."]
[Black "Ïëåùåâà, Äàðüÿ."]
[Result "1-0"]
[WhiteElo "1350"]
[BlackElo "1165"]
[PlyCount "69"]
[EventDate "2017.04.20"]

1. d4 Nf6 2. c4 g6 3. Nc3 Bg7 4. e4 d6 5. Nf3 Bg4 6. Be2 O-O 7. O-O Nfd7 8. Be3
Nc6 9. d5 Bxf3 10. Bxf3 Na5 11. Be2 Bxc3 12. bxc3 Nf6 13. Bd3 c5 14. Bh6 Re8
15. f4 e6 16. Bg5 exd5 17. e5 dxe5 18. fxe5 dxc4 19. Bxg6 Qxd1 20. Bxf7+ Kxf7
21. Raxd1 Ke6 22. Bxf6 b6 23. Rd6+ Kf7 24. g4 Rg8 25. h3 h5 26. g5 Rge8 27. e6+
Kg8 28. e7 Nb7 29. Rd7 Rab8 30. Be5 Na5 31. Bxb8 Rxb8 32. Rd8+ Rxd8 33. exd8=Q+
Kg7 34. Qe7+ Kg8 35. Rf8# 1-0

[Event "Ä11Â"]
[Site "Loo"]
[Date "2017.04.28"]
[Round "9.19"]
[White "Áåëîóñîâà, Ñîôüÿ."]
[Black "Àëåøèíà, Àðèíà."]
[Result "1-0"]
[WhiteElo "1319"]
[BlackElo "1391"]
[PlyCount "56"]
[EventDate "2017.04.20"]

1. e4 d6 2. d4 Nf6 3. Nc3 e5 4. dxe5 dxe5 5. Qxd8+ Kxd8 6. Bg5 Be6 7. O-O-O+
Bd6 8. Nf3 Ke7 9. a3 a6 10. Be2 Nbd7 11. Rd2 h6 12. Bh4 g5 13. Bg3 Nh7 14. Ne1
f6 15. Bh5 Rab8 16. Nd3 b5 17. Kd1 a5 18. Ke2 b4 19. axb4 axb4 20. Nd5+ Bxd5
21. exd5 e4 22. Nc1 Nhf8 23. Re1 f5 24. Bxd6+ cxd6 25. g4 f4 26. Kf1 Nf6 27.
Nb3 Nxh5 28. gxh5 g4 1-0

[Event "Ä11Â"]
[Site "Loo"]
[Date "2017.04.28"]
[Round "9.20"]
[White "Ìóòèíà, Êñåíèÿ."]
[Black "Ìèõàéëèíà, Îëüãà."]
[Result "1-0"]
[WhiteElo "1376"]
[BlackElo "1274"]
[PlyCount "75"]
[EventDate "2017.04.20"]

1. c4 e6 2. d4 d5 3. Nc3 c6 4. cxd5 exd5 5. Bf4 Nf6 6. e3 Bf5 7. Nf3 Nbd7 8.
Bd3 Bxd3 9. Qxd3 Be7 10. O-O O-O 11. Rfe1 Re8 12. e4 dxe4 13. Nxe4 Bb4 14.
Nxf6+ Nxf6 15. Rxe8+ Qxe8 16. Be5 Qe7 17. Ng5 g6 18. Qh3 h5 19. Qb3 Re8 20. h3
Nd5 21. Nf3 b6 22. Qc4 Qd7 23. Qc1 Bf8 24. Qc2 c5 25. dxc5 Bxc5 26. Qd2 Bf8 27.
Rd1 Rd8 28. Qg5 Qe7 29. Qg3 Nf6 30. Re1 Bg7 31. Bc7 Ne4 32. Bxd8 Qxd8 33. Rxe4
Qd1+ 34. Re1 Qc2 35. Ng5 Qc8 36. Qf3 Qf8 37. Qc6 Be5 38. Rxe5 1-0

[Event "Ä11Â"]
[Site "Loo"]
[Date "2017.04.28"]
[Round "9.21"]
[White "Øåâÿêîâà, Àëåíà."]
[Black "Ëåçèíà, Àííà."]
[Result "1/2-1/2"]
[WhiteElo "1164"]
[BlackElo "1325"]
[PlyCount "75"]
[EventDate "2017.04.20"]

1. e4 d5 2. exd5 Nf6 3. d4 Nxd5 4. Nf3 g6 5. c4 Nb6 6. h3 Bg7 7. Nc3 O-O 8. Be3
e6 9. Be2 Nc6 10. O-O Qd7 11. Qd2 Rd8 12. Rfd1 Ne7 13. Rac1 Nf5 14. b3 Rb8 15.
Rc2 Na8 16. d5 exd5 17. Bxa7 b6 18. Bxb8 Bb7 19. Nxd5 Bxd5 20. Bxc7 Nxc7 21.
cxd5 Nxd5 22. Bc4 Nfe7 23. Bxd5 Nxd5 24. Ng5 Bh6 25. Qxd5 Qxd5 26. Rxd5 Rxd5
27. Nf3 Bf4 28. g3 Bd6 29. Rc6 Bc5 30. b4 Bxb4 31. Rxb6 Ba5 32. Rb7 f6 33. Rb8+
Kg7 34. Rb7+ Kg8 35. Rb8+ Kg7 36. Rb7+ Kg8 37. Rb8+ Kg7 38. Rb7+ 1/2-1/2

[Event "Ä11Â"]
[Site "Loo"]
[Date "2017.04.28"]
[Round "9.22"]
[White "Ñìàëåâà, Âåðîíèêà."]
[Black "Ïÿïèåâà, Àéëàíà."]
[Result "0-1"]
[WhiteElo "1149"]
[BlackElo "1250"]
[PlyCount "102"]
[EventDate "2017.04.20"]

1. d4 d5 2. c4 e6 3. Nc3 Nf6 4. cxd5 exd5 5. Bg5 Be7 6. e3 b6 7. Qc2 Bb7 8. Nf3
Ne4 9. Bf4 Bd6 10. Bxd6 Qxd6 11. Bd3 Nxc3 12. bxc3 Nd7 13. Bxh7 g6 14. Ng5 Qf6
15. f4 Qg7 16. Bxg6 Qxg6 17. Qxg6 fxg6 18. Ne6 Rc8 19. O-O Nf8 20. Ng5 Nh7 21.
Ne6 Ke7 22. Ng5 Nxg5 23. fxg5 Rhf8 24. Rxf8 Rxf8 25. Rf1 Rxf1+ 26. Kxf1 Ke6 27.
h4 Kf5 28. g3 Kg4 29. Kf2 Bc8 30. Kg2 Bf5 31. Kf2 Be4 32. a3 Bf3 33. a4 Be4 34.
a5 bxa5 35. Ke2 Kxg3 36. Kd2 Kxh4 37. Kc1 Kxg5 38. Kd2 Kh4 39. Ke2 g5 40. Kf2
Kh3 41. Kg1 g4 42. Kf2 Kh2 43. c4 dxc4 44. d5 g3+ 45. Kf1 g2+ 46. Ke2 g1=Q 47.
d6 cxd6 48. Kd2 Qf2+ 49. Kd1 Bd3 50. e4 Qe2+ 51. Kc1 Qc2# 0-1

[Event "Ä13Ï"]
[Site "Loo"]
[Date "2017.04.28"]
[Round "9.1"]
[White "Âèòþãîâà, ßðîñëàâà."]
[Black "Ä¸ìèíîâà, Ìàðèÿ."]
[Result "1-0"]
[WhiteElo "1509"]
[BlackElo "1526"]
[PlyCount "55"]
[EventDate "2017.04.20"]

1. e4 c6 2. d4 d5 3. exd5 cxd5 4. Bd3 Nc6 5. c3 Qc7 6. Ne2 e6 7. Bf4 Bd6 8.
Bxd6 Qxd6 9. O-O Nf6 10. Ng3 O-O 11. f4 b6 12. Nd2 a5 13. Nh5 Nxh5 14. Qxh5 f5
15. Rf3 Ba6 16. Bxa6 Rxa6 17. Re1 Raa8 18. Rh3 h6 19. Rg3 Qxf4 20. Qg6 Rf7 21.
Nf3 Re8 22. Rxe6 Qc1+ 23. Ne1 Rxe6 24. Qxe6 Kh7 25. Kf1 Re7 26. Qxf5+ Kh8 27.
Qf2 Re4 28. Qf8+ 1-0

[Event "Ä13Ï"]
[Site "Loo"]
[Date "2017.04.28"]
[Round "9.2"]
[White "Ñèäîðîâà, Àëåíà."]
[Black "Ìèõàéëèíà, Åëåíà."]
[Result "0-1"]
[WhiteElo "1506"]
[BlackElo "1641"]
[PlyCount "116"]
[EventDate "2017.04.20"]

1. d4 Nf6 2. c4 c5 3. e3 g6 4. Nc3 Bg7 5. Nf3 O-O 6. Bd3 d5 7. O-O cxd4 8. exd4
Nc6 9. h3 b6 10. Bg5 Bb7 11. Bxf6 Bxf6 12. Nxd5 Bg7 13. Be2 e6 14. Nc3 Nxd4 15.
Nxd4 Qxd4 16. Rc1 Rfd8 17. Qb3 Qd2 18. Rcd1 Qg5 19. g3 Be5 20. Kh2 Qf6 21. f4
Bxc3 22. bxc3 Qe7 23. Rd4 Rd7 24. Rfd1 Rad8 25. Qb5 Rxd4 26. cxd4 Qc7 27. Rd2
Rd7 28. Bf1 Bc6 29. Qe5 Qd8 30. Bg2 Bxg2 31. Kxg2 Qa8+ 32. Kh2 Qc6 33. Qe2 Rc7
34. d5 Qxc4 35. Qxc4 Rxc4 36. d6 Rc8 37. Kg2 Kf8 38. Kf3 Rd8 39. Ke4 f6 40. g4
Ke8 41. g5 fxg5 42. fxg5 Kd7 43. Ke5 Rf8 44. h4 Rf5+ 45. Ke4 b5 46. Rd4 a5 47.
a3 Rd5 48. Rxd5 exd5+ 49. Kxd5 b4 50. axb4 axb4 51. Kc4 Kxd6 52. Kxb4 Ke5 53.
Kc5 Kf4 54. h5 gxh5 55. Kd4 h4 56. Kd3 Kf3 57. Kd2 h3 58. Ke1 h2 0-1

[Event "Ä13Ï"]
[Site "Loo"]
[Date "2017.04.28"]
[Round "9.3"]
[White "Áàäìàåâà, Ýëüçÿòà."]
[Black "Æóðîâà, Àííà."]
[Result "0-1"]
[WhiteElo "1369"]
[BlackElo "1843"]
[PlyCount "110"]
[EventDate "2017.04.20"]

1. e4 c5 2. c3 d5 3. exd5 Qxd5 4. d4 Nf6 5. Nf3 Bg4 6. Be2 e6 7. Bf4 Nc6 8. Na3
a6 9. Nc4 Qd8 10. Ne3 Bxf3 11. Bxf3 cxd4 12. cxd4 Bb4+ 13. Kf1 O-O 14. Nc2 Bd6
15. Be3 Na5 16. b3 Rc8 17. g3 h6 18. Kg2 Be7 19. Re1 Nd5 20. Kg1 Nc6 21. Bc1
Ncb4 22. Ne3 Nxe3 23. fxe3 Nc2 24. Bb2 Nxe1 25. Qxe1 b6 26. Qe2 a5 27. e4 Qc7
28. Rc1 Qd6 29. Rd1 Rfd8 30. Bg2 Bg5 31. Kh1 Qc7 32. Qg4 Qc2 33. Ba1 Bf6 34. e5
Bg5 35. d5 Qf5 36. Qd4 exd5 37. Qxb6 Rc2 38. Rf1 Qe6 39. Qxa5 d4 40. Qe1 Rc1
41. Qe4 d3 42. Rxc1 Bxc1 43. Bf3 Bg5 44. Bc3 d2 45. Qc2 d1=Q+ 46. Bxd1 Qd5+ 47.
Kg1 Qxd1+ 48. Qxd1 Rxd1+ 49. Kg2 Rc1 50. Bd4 Rc2+ 51. Kh3 Rxa2 52. b4 Ra4 53.
Bc5 Ra1 54. b5 Ra5 55. Bd4 Rxb5 0-1

[Event "Ä13Ï"]
[Site "Loo"]
[Date "2017.04.28"]
[Round "9.4"]
[White "Õàéáóëëèíà, Ðàóøàíà."]
[Black "Áàðàíîâà, Åëèçàâåòà."]
[Result "1-0"]
[WhiteElo "1750"]
[BlackElo "1632"]
[PlyCount "93"]
[EventDate "2017.04.20"]

1. d4 Nf6 2. c4 c5 3. d5 b5 4. Nf3 d6 5. Bg5 b4 6. a3 a5 7. axb4 cxb4 8. Nbd2
Qb6 9. h3 Bd7 10. e4 g6 11. c5 Qxc5 12. Be3 Qc7 13. Nc4 Ra6 14. Rxa5 Rxa5 15.
Bb6 Qb7 16. Bxa5 Na6 17. Qd4 Bg7 18. Nb6 O-O 19. Be2 Nc5 20. e5 Nb3 21. Qxb4
Nxa5 22. exf6 Bxf6 23. Qxa5 Bxb2 24. Nxd7 Ra8 25. Qd2 Bg7 26. O-O Qxd7 27. Rb1
Qf5 28. Rb7 Ra1+ 29. Kh2 Be5+ 30. Nxe5 Qxe5+ 31. f4 Qe4 32. Rb8+ Kg7 33. Qb2+
f6 34. Qxa1 Qxe2 35. Qd4 Qa6 36. Qe4 Qa7 37. Rb3 Kg8 38. f5 Kg7 39. fxg6 hxg6
40. Rg3 g5 41. h4 Qb8 42. hxg5 Qh8+ 43. Rh3 Qg8 44. gxf6+ Kf7 45. Qe6+ Kg6 46.
Rg3+ Kh6 47. Qh3# 1-0

[Event "Ä13Ï"]
[Site "Loo"]
[Date "2017.04.28"]
[Round "9.5"]
[White "Òîëñòûõ, Àðèíà."]
[Black "Ìàãèçîâà, ßíà."]
[Result "1-0"]
[WhiteElo "1439"]
[BlackElo "1610"]
[PlyCount "95"]
[EventDate "2017.04.20"]

1. d4 Nf6 2. c4 e6 3. Nc3 Bb4 4. Qc2 b6 5. e4 Bb7 6. Bd3 d6 7. Qa4+ Nc6 8. d5
Bxc3+ 9. bxc3 exd5 10. cxd5 Qd7 11. dxc6 Bxc6 12. Qd4 Qg4 13. Ne2 O-O-O 14. O-O
h5 15. h3 Qd7 16. Bg5 Rdg8 17. Bxf6 gxf6 18. Qxf6 Qxh3 19. Nf4 Qd7 20. Nd5 Re8
21. a4 h4 22. Bb5 Bxb5 23. axb5 Kb7 24. Ra6 Ra8 25. Rfa1 Rh5 26. c4 h3 27. Nb4
hxg2 28. Qf3 Rh1+ 29. Kxg2 Rxa1 30. e5+ d5 31. Rxa1 Rg8+ 32. Kf1 Re8 33. Nxd5
Kb8 34. Qa3 a5 35. bxa6 Ka7 36. Nf6 Qc6 37. Nxe8 Qh1+ 38. Ke2 Qe4+ 39. Qe3
Qxc4+ 40. Kf3 Qc6+ 41. Kf4 Qh6+ 42. Kg3 Qg6+ 43. Kh2 Qh5+ 44. Kg1 Qg4+ 45. Qg3
Qc4 46. Qg2 c6 47. Nd6 Qc3 48. Nb5+ 1-0

[Event "Ä13Ï"]
[Site "Loo"]
[Date "2017.04.28"]
[Round "9.6"]
[White "Àëèìîâà, Äàíà."]
[Black "Òàðèåëàøâèëè, Äèàíà."]
[Result "0-1"]
[WhiteElo "1388"]
[BlackElo "1608"]
[PlyCount "138"]
[EventDate "2017.04.20"]

1. e4 c6 2. d4 d5 3. Nc3 dxe4 4. Nxe4 Bf5 5. Ng3 Bg6 6. h4 h6 7. Nf3 Nd7 8. h5
Bh7 9. Bd3 Bxd3 10. Qxd3 e6 11. Bf4 Qa5+ 12. Bd2 Bb4 13. a3 Bxd2+ 14. Qxd2
Qxd2+ 15. Kxd2 Ngf6 16. Rae1 O-O 17. Kc1 c5 18. Ne4 cxd4 19. Nxf6+ Nxf6 20.
Nxd4 Rfd8 21. c3 Rd5 22. g3 Nxh5 23. Re3 Nf6 24. f3 Rc8 25. Kb1 a6 26. g4 Rcd8
27. Rhe1 Kf8 28. Ka2 Re8 29. Re5 Rxe5 30. Rxe5 Nd7 31. Re3 g6 32. Nb3 e5 33.
Na5 b6 34. Nc4 f6 35. b4 Rc8 36. Kb3 b5 37. Nd6 Rc6 38. Rd3 Ke7 39. Ne4 f5 40.
gxf5 gxf5 41. Ng3 Rf6 42. a4 Nb6 43. axb5 axb5 44. Rd2 Ke6 45. Rh2 Rg6 46. Ne2
Nc4 47. f4 Nd2+ 48. Kc2 Nf3 49. Rf2 e4 50. Nd4+ Nxd4+ 51. cxd4 Kd5 52. Rd2 h5
53. Rh2 Rh6 54. Kc3 h4 55. Rh3 Rc6+ 56. Kd2 Kxd4 57. Rxh4 Kc4 58. Rh5 Rf6 59.
Rh8 Kxb4 60. Rb8 Rd6+ 61. Ke2 Rd5 62. Ke3 Kc4 63. Rc8+ Rc5 64. Rb8 Kc3 65. Ke2
b4 66. Ke1 b3 67. Kf1 Kd3 68. Kg2 Ke3 69. Rxb3+ Kxf4 0-1

[Event "Ä13Ï"]
[Site "Loo"]
[Date "2017.04.28"]
[Round "9.7"]
[White "Ñìàëåâà, Ñòàíèñëàâà."]
[Black "Øïàêèâñêàÿ, Àëèíà."]
[Result "0-1"]
[WhiteElo "1397"]
[BlackElo "1657"]
[PlyCount "96"]
[EventDate "2017.04.20"]

1. d4 d5 2. Nf3 Nf6 3. e3 Bg4 4. Bd3 e6 5. O-O Bd6 6. Nbd2 O-O 7. c3 c6 8. Re1
Qc7 9. h3 Bxf3 10. Qxf3 Nbd7 11. e4 dxe4 12. Nxe4 Nxe4 13. Bxe4 Nf6 14. Bc2 c5
15. dxc5 Bxc5 16. Bg5 Be7 17. Rad1 Rfd8 18. Bxf6 Bxf6 19. Rd3 b5 20. Bb1 Rab8
21. Qe2 g6 22. Red1 Rxd3 23. Bxd3 a6 24. Be4 Rc8 25. Qf3 Kg7 26. Bb7 Rb8 27.
Bc6 Rb6 28. Be4 Rd6 29. Rxd6 Qxd6 30. Qd3 Qc5 31. Qd2 Qc4 32. a3 Qxe4 33. Kf1
Qb1+ 34. Ke2 h6 35. g4 Bg5 36. Qd4+ Kh7 37. f4 Qxb2+ 38. Kf3 Be7 39. a4 bxa4
40. Qxa4 Qxc3+ 41. Kg2 Qd2+ 42. Kg3 Qe3+ 43. Kg2 Qe2+ 44. Kg3 Bc5 45. h4 Bf2+
46. Kh3 Qf1+ 47. Kh2 Qg1+ 48. Kh3 Qg3# 0-1

[Event "Ä13Ï"]
[Site "Loo"]
[Date "2017.04.28"]
[Round "9.8"]
[White "Êîñà÷åâà, Êðèñòèíà."]
[Black "Î÷èðîâà, Àíèòà."]
[Result "1/2-1/2"]
[WhiteElo "1364"]
[BlackElo "1635"]
[PlyCount "83"]
[EventDate "2017.04.20"]

1. d4 d5 2. e3 Nf6 3. c3 e6 4. f4 c5 5. Nf3 Nc6 6. Bd3 Be7 7. Nbd2 a6 8. O-O
O-O 9. Ne5 Ne8 10. Rf3 f6 11. Nxc6 bxc6 12. Rh3 f5 13. g4 cxd4 14. cxd4 c5 15.
g5 g6 16. Nf3 Ng7 17. Ne5 Bb7 18. Be2 Rc8 19. Rg3 Bd6 20. h4 Bxe5 21. dxe5 d4
22. exd4 Qxd4+ 23. Qxd4 cxd4 24. Bd1 Be4 25. Bd2 Rb8 26. Rb3 Rxb3 27. Bxb3 Rc8
28. Rc1 Rxc1+ 29. Bxc1 Bd3 30. Kf2 Kf7 31. Bd2 Nh5 32. Bd1 Bb5 33. Bxh5 gxh5
34. b3 Bd3 35. Ba5 Bb1 36. a3 Bc2 37. Bb6 Bxb3 38. Bxd4 Bc4 39. Bc5 a5 40. a4
Bb3 41. Bb6 Bxa4 42. Bxa5 1/2-1/2

[Event "Ä13Ï"]
[Site "Loo"]
[Date "2017.04.28"]
[Round "9.9"]
[White "Âîëêîâà, Àëèíà."]
[Black "Ïåòðîâà, Àíæåëèêà."]
[Result "0-1"]
[WhiteElo "1583"]
[BlackElo "1241"]
[PlyCount "120"]
[EventDate "2017.04.20"]

1. Nf3 d5 2. c4 dxc4 3. e3 Nf6 4. Bxc4 e6 5. O-O Be7 6. Qe2 c5 7. Rd1 O-O 8. d4
Qc7 9. dxc5 Bxc5 10. Nc3 a6 11. Bd3 b5 12. Ne4 Nxe4 13. Bxe4 Bb7 14. Bxh7+ Kxh7
15. Ng5+ Kg6 16. Qg4 f5 17. Nxe6+ fxg4 18. Nxc7 Ra7 19. Ne6 Rc8 20. Nxc5 Rxc5
21. Rd6+ Kf7 22. e4 Rc6 23. Rd8 Rc8 24. Rxc8 Bxc8 25. Bf4 Nc6 26. f3 gxf3 27.
gxf3 Be6 28. a3 Nd4 29. Kf2 Rd7 30. Rd1 Nc6 31. Rc1 Na5 32. Rc8 Nc4 33. Ra8
Nxb2 34. Rxa6 Nd3+ 35. Ke3 Nxf4 36. Kxf4 Rd4 37. Ke5 Bc8 38. Rb6 Ra4 39. Rxb5
Rxa3 40. f4 Rh3 41. Rb8 Bd7 42. Rb2 Rh5+ 43. Kd4 Rh4 44. Ke5 Rh8 45. Kd4 Ke7
46. Rg2 Kf6 47. Rf2 Rh4 48. Ke3 Bc6 49. Kf3 Rh3+ 50. Kg2 Re3 51. Rb2 Bxe4+ 52.
Kg1 Rf3 53. Rb6+ Kf7 54. Ra6 Rxf4 55. Ra7+ Kf6 56. Ra6+ Kg5 57. Ra7 Rg4+ 58.
Kf1 g6 59. Re7 Bf5 60. Ra7 Rb4 0-1

[Event "Ä13Ï"]
[Site "Loo"]
[Date "2017.04.28"]
[Round "9.10"]
[White "Ëåáåäåâà, Óëüÿíà."]
[Black "Òèìîôååâà, Þëèÿ."]
[Result "1-0"]
[WhiteElo "1560"]
[BlackElo "1427"]
[PlyCount "143"]
[EventDate "2017.04.20"]

1. d4 d5 2. c4 dxc4 3. e3 e6 4. Bxc4 c5 5. Nf3 Nf6 6. O-O Nc6 7. Bb5 Bd7 8. Nc3
a6 9. Be2 cxd4 10. Nxd4 Bc5 11. Nxc6 Bxc6 12. Bf3 Qc7 13. Bxc6+ Qxc6 14. Qe2
O-O 15. Bd2 Rfd8 16. Rfd1 Rac8 17. Rac1 Qe8 18. a3 Bb6 19. Be1 Ba5 20. e4 Rxd1
21. Rxd1 Qc6 22. f3 h6 23. Kf1 Bc7 24. g3 Be5 25. Rd3 Qb6 26. Qf2 Qc7 27. Qe3
Qc4 28. Kg2 Kf8 29. f4 Bc7 30. e5 Qc6+ 31. Qf3 Qxf3+ 32. Kxf3 Ne8 33. Bf2 Kg8
34. Ne4 Bb8 35. Nc5 Nc7 36. Nxb7 Nd5 37. Nc5 Rc6 38. Rd2 Ba7 39. Nxe6 Bxf2 40.
Rxd5 fxe6 41. Rd8+ Kf7 42. Kxf2 Rc2+ 43. Kg1 Rxb2 44. Rd6 a5 45. Ra6 Rb5 46.
Ra7+ Kg6 47. Kf2 Rb2+ 48. Kg1 Rb1+ 49. Kg2 Rb2+ 50. Kh3 Rb5 51. Kg4 Rc5 52. a4
Rd5 53. Re7 Rd4 54. Rxe6+ Kf7 55. Ra6 Rxa4 56. Kf5 Ra2 57. h4 Ra3 58. g4 Rh3
59. h5 Ra3 60. Ra7+ Kf8 61. Ke6 Kg8 62. Ra8+ Kh7 63. Kf7 Ra4 64. f5 Rxg4 65.
Rxa5 Rg5 66. e6 Rxh5 67. e7 Rxf5+ 68. Rxf5 g6 69. Rf6 h5 70. Rxg6 h4 71. e8=Q
h3 72. Qg8# 1-0